Florence Young : (Record no. 10445)

MARC details
000 -LEADER
fixed length control field 01635cam a22004094a 4500
001 - CONTROL NUMBER
control field 56880464
003 - CONTROL NUMBER IDENTIFIER
control field OCoLC
005 - DATE AND TIME OF LATEST TRANSACTION
control field 20241126110732.0
008 - FIXED-LENGTH DATA ELEMENTS--GENERAL INFORMATION
fixed length control field 041008s2005 waub j b 000 0beng
010 ## -
-- 2004023811
020 ## - INTERNATIONAL STANDARD BOOK NUMBER
International Standard Book Number 1576583139
Qualifying information (pbk.)
020 ## - INTERNATIONAL STANDARD BOOK NUMBER
International Standard Book Number 9781576583135
Qualifying information (pbk.)
020 ## - INTERNATIONAL STANDARD BOOK NUMBER
International Standard Book Number 1415656908
020 ## - INTERNATIONAL STANDARD BOOK NUMBER
International Standard Book Number 9781415656907
035 ## - SYSTEM CONTROL NUMBER
System control number (OCoLC)56880464
040 ## - CATALOGING SOURCE
Original cataloging agency DLC
Language of cataloging eng
Transcribing agency DLC
Modifying agency BAKER
-- C#P
-- BTCTA
-- IG#
-- OCLCQ
-- BDX
-- FHP
-- OCLCO
-- OCLCA
-- OCLCF
-- OCLCO
-- OCLCQ
-- FVY
-- OCLCA
-- OCLCQ
-- OCLCO
-- QQ3
-- JDP
-- OCLCO
-- OCL
-- OCLCA
-- OCLCQ
-- OCLCO
042 ## -
-- pcc
-- lcac
043 ## -
-- at-----
-- pobp---
082 ## - DEWEY DECIMAL CLASSIFICATION NUMBER
Classification number 266.0092
Item number BEN
092 ## - LOCALLY ASSIGNED DEWEY CALL NUMBER (OCLC)
Classification number BIO YOUNG
100 1# - MAIN ENTRY--PERSONAL NAME
Personal name Benge, Janet,
Dates associated with a name 1958-
9 (RLIN) 17368
245 10 - TITLE STATEMENT
Title Florence Young :
Remainder of title mission accomplished /
Statement of responsibility, etc. Janet & Geoff Benge
260 ## - PUBLICATION, DISTRIBUTION, ETC.
Place of publication, distribution, etc. Seattle, WA :
Name of publisher, distributor, etc. YWAM Pub.,
Date of publication, distribution, etc. [2005]
300 ## - PHYSICAL DESCRIPTION
Extent 185 pages :
Other physical details map ;
Dimensions 21 cm
490 1# - SERIES STATEMENT
Series statement Christian heroes, then & now
504 ## - BIBLIOGRAPHY, ETC. NOTE
Bibliography, etc. note Includes bibliographical references (page 185)
520 ## - SUMMARY, ETC.
Summary, etc. A biography of the New Zealander missionary Florence Young that focuses on her work in Solomon Islands and China during the Boxer Rebellion
521 0# - TARGET AUDIENCE NOTE
Target audience note 6.4
600 10 - SUBJECT ADDED ENTRY--PERSONAL NAME
Personal name Young, Florence S. H.,
Dates associated with a name 1856-1940
Form subdivision Juvenile literature
9 (RLIN) 18167
610 20 - SUBJECT ADDED ENTRY--CORPORATE NAME
Corporate name or jurisdiction name as entry element South Sea Evangelical Mission
Form subdivision Biography
-- Juvenile literature
9 (RLIN) 18168
650 #0 - SUBJECT ADDED ENTRY--TOPICAL TERM
Topical term or geographic name entry element Missionaries
Geographic subdivision Australia
Form subdivision Biography
-- Juvenile literature
9 (RLIN) 18169
650 #0 - SUBJECT ADDED ENTRY--TOPICAL TERM
Topical term or geographic name entry element Missionaries
Geographic subdivision Solomon Islands
Form subdivision Biography
-- Juvenile literature
9 (RLIN) 18170
655 #0 - INDEX TERM--GENRE/FORM
Genre/form data or focus term Biography
9 (RLIN) 5066
700 1# - ADDED ENTRY--PERSONAL NAME
Personal name Benge, Geoff,
Dates associated with a name 1954-
9 (RLIN) 17373
830 #0 -
-- Christian heroes, then & now
-- 17374
942 ## - ADDED ENTRY ELEMENTS (KOHA)
Source of classification or shelving scheme Dewey Decimal Classification
Koha item type Books
Koha issues (borrowed), all copies 1
Holdings
Withdrawn status Lost status Source of classification or shelving scheme Damaged status Not for loan Home library Current Library Shelving location Date acquired Total checkouts Total renewals Full call number Barcode Date last seen Date last checked out Copy number Price effective from Koha item type
    Dewey Decimal Classification     GRACE BIBLE COLLEGE GRACE BIBLE COLLEGE Ministry & Mission 2024-07-19 1 1 266.0092 BEN 016970 2025-05-01 2024-11-13 c.1 2024-07-19 Books
© Grace Bible College Library 2025